• 首页
  • 本馆介绍
  • 公告通知
  • 最新文献
  • 馆藏检索
  • 电子资源
  • 读者导购
  • 参考咨询
  • 我的图书馆
  • 登录
  • 详细信息显示
  • 放入我的书架
  • 预约/预借图书
  • 作者相关作品
  • 分类相关作品
  • 丛书相关作品
  • 出版社相关作品

书目信息

  • 表格格式
  • 工作单格式
  • 卡片格式
题名:
新完全掌握日语能力考试N2级
    
 
作者: 友松悦子 , 福岛佐治 著 ;天蕊译 译
分册:   语法
出版信息: 北京   北京语言大学出版社  2014.09
页数: 10,331页
开本: 26cm
丛书名: 领跑者
单 册:
中图分类: H36 , H364
科图分类:
主题词: 日语--水平考试--自学参考资料 , 日语--语法--水平考试--自学参考资料 , 日语 , 语法
电子资源:
ISBN: 978-7-5619-3921-5
000 01308oam2 2200361 450
001 0120141405283
005 20170911094722.39
010    @a978-7-5619-3921-5@dCNY48.00
100    @a20141108d2014 em y0chiy0110 ea
101 1  @achi@ajpn@cjpn
102    @aCN@b110000
105    @ak z 001yy
106    @ar
200 1  @a新完全掌握日语能力考试N2级@9xin wan quan zhang wo ri yu neng li kao shi N2 ji@i语法@f友松悦子,福岛佐治著@g天蕊译注
205    @a2版
210    @a北京@c北京语言大学出版社@d2014.09
215    @a10,331页@d26cm
225 2  @a领跑者
300    @a从日本3A公司原版引进
330    @a《新完全掌握日语能力考试》系列是日本3A出版社为应对日语能力考试改革而倾力打造的一套全新考试辅导用书。第二版语法N2级在延续第一版保留原版图书原汁原味风格的基础上,重新给讲解、例句添加上了汉语译文,并且给综合练习补充了答案解析,以便于帮助读者更好地理解图书内容。
333    @a日语学习人员
461  0 @12001 @a领跑者
606 0  @a日语@x水平考试@j自学参考资料
606 0  @a日语@x语法@x水平考试@j自学参考资料
606 0  @a日语
606 0  @a语法
690    @aH36@v5
690    @aH364@v5
701  0 @a友松悦子@9you song yue zi@4著
701  0 @a福岛佐治@9fu dao zuo zhi@4著
702  0 @a天蕊译@9tian rui yi@4译
801  0 @aCN@b人天书店@c20141108
905    @b1071004-09@dH36@e582=2@f6
    
    新完全掌握日语能力考试N2级.语法/友松悦子,福岛佐治著/天蕊译注.-2版.-北京:北京语言大学出版社,2014.09
    10,331页;26cm.-(领跑者)
    从日本3A公司原版引进.-使用对象:日语学习人员
    
    ISBN 978-7-5619-3921-5:CNY48.00
    《新完全掌握日语能力考试》系列是日本3A出版社为应对日语能力考试改革而倾力打造的一套全新考试辅导用书。第二版语法N2级在延续第一版保留原版图书原汁原味风格的基础上,重新给讲解、例句添加上了汉语译文,并且给综合练习补充了答案解析,以便于帮助读者更好地理解图书内容。
●
相关链接 在E读中查询图书 在五车中查询图书 在当当中查询图书 在豆瓣中查询图书


正题名:新完全掌握日语能力考试N2级     索取号:H36/582=2         预约/预借

序号 登录号 条形码 馆藏地/架位号 状态 备注
1 1071004   210710042   第二样本阅览室/ [索取号:H36/582=2] 在馆    
2 1071005   210710051   第四借阅区/ [索取号:H36/582=2] 在馆    
3 1071006   210710060   第四借阅区/ [索取号:H36/582=2] 在馆    
4 1071007   210710079   第四借阅区/ [索取号:H36/582=2] 在馆    
5 1071008   210710088   第四借阅区/ [索取号:H36/582=2] 在馆    
6 1071009   210710097   密集书库—外国语学院/ [索取号:H36/582=2] 在馆    
唐山师范学院图书馆 欢迎您!
大连网信软件有限公司© 版权所有